000 00882nam a2200217 a 4500
999 _c20308
_d20308
005 20200221101040.0
008 180824s2018 ck a||||r|||| 00| 0 spa d
020 _a9789585851924
040 _aCO-BoIAVH
_cCO-BoIAVH
041 0 _aspa
044 _ack
090 _aFG-
_b0486
100 1 _aBuitrago, Zoraya
_eautora
245 _aSecretos de un gigante :
_bAprendamos acerca de los chigüiros /
_cZoraya Buitrago, Santiago Herrera Alvarez y Andrew J. Crawford
260 _aBogotá (Colombia) :
_bUniversidad de los Andes :
_bColciencias :
_bSelva :
_bFicciones Sanadoras :
_c2018.
300 _a12 páginas sin numerar :
_bilustraciones a color ;
_c10 x 21 cm.
650 2 4 _aChigüiros
_vLiteratura juvenil
_xHábitos y conducta
700 1 _aHerrera Alvarez, Santiago
_eautor
710 1 _aCrawford, Andrew J.
_bautor
942 _2z
_cFolleto